00888nac a22002411u 4500010001600000020001500016082002100031090001500052100003400067245010000101250001200201260003200213300003200245500001500277500004100292504006400333650002500397650002500422700003200447942002300479999001500502952012900517 a 94000269 a081513620X00a616.12075bG5648 c3435d3435 aGoldberger, Ary Louis, 10aClinical electrocardiography :ba simplified approach /cAry L. Goldberger, Emanuel Goldberger. a5th ed. aSt. Louis :bMosby,cc1994. ax, 341 p. :bill. ;c24 cm. aDonations. aDonations - Bibliotheca Alexandrina. aIncludes bibliographical references (p. 331-332) and index. 0aElectrocardiography. 0aElectrocardiography.1 aGoldberger, Emanuel,d1913- cBBk616.12075G5648 c3435d3435 00102ddc4070aMAINbMAINc1STd2011-04-07ePurchasel6m80o616.12075 GOLp000039477r2025-07-15 00:00:00s2017-09-06yBB